ბათუმის შოთა რუსთაველის სახელმწიფო უნივერსიტეტის ბიბლიოთეკა

Japan's high schools / (ბიბ.ჩანაწერი № 63949)

000 -LEADER
fixed length control field 00753nam a22001937a 4500
005 - DATE AND TIME OF LATEST TRANSACTION
control field 20260226145142.0
008 - FIXED-LENGTH DATA ELEMENTS--GENERAL INFORMATION
fixed length control field 260226s1983 enk||||| |||| 00| 0 eng d
020 ## - INTERNATIONAL STANDARD BOOK NUMBER
International Standard Book Number 9780520048638x
041 ## - LANGUAGE CODE
Language code of text/sound track or separate title eng
080 ## - UNIVERSAL DECIMAL CLASSIFICATION NUMBER
Universal Decimal Classification number 373.5 : 316.74:37](520) R-66
100 ## - MAIN ENTRY--PERSONAL NAME
Personal name Rohlen, Thomas P.
9 (RLIN) 26992
245 ## - TITLE STATEMENT
Title Japan's high schools /
Statement of responsibility, etc. Thomas P. Rohlen.
264 ## - PRODUCTION, PUBLICATION, DISTRIBUTION, MANUFACTURE, AND COPYRIGHT NOTICE
Place of production, publication, distribution, manufacture Berkeley :
Name of producer, publisher, distributor, manufacturer Univ. of Californis press,
Date of production, publication, distribution, manufacture, or copyright notice 1983.
300 ## - PHYSICAL DESCRIPTION
Extent 363 p. :
Other physical details ill. ;
Dimensions 24 cm.
653 ## - INDEX TERM--UNCONTROLLED
keyword საშუალო სკოლა იაპონიაში
653 ## - INDEX TERM--UNCONTROLLED
keyword საშუალო განათლება იაპონიაში
653 ## - INDEX TERM--UNCONTROLLED
keyword იაპონიის განათლების სოციოლოგია
942 ## - ADDED ENTRY ELEMENTS (KOHA)
Source of classification or shelving scheme
Koha item type წიგნი
ეგზემპლარები
Withdrawn status Lost status Source of classification or shelving scheme Damaged status Not for loan Permanent Location Current Location Shelving location Date acquired Cost, normal purchase price Full call number Barcode Date last seen Copy number Uniform Resource Identifier Price effective from Koha item type Public note
          ბათუმის შოთა რუსთაველის სახელმწიფო უნივერსიტეტის მთავარი ბიბლიოთეკა ბათუმის შოთა რუსთაველის სახელმწიფო უნივერსიტეტის მთავარი ბიბლიოთეკა წიგნსაცავი 2026-02-26 10.00 373.5 : 316.74:37](520) R-66 73836 2026-02-26 73836 იაპონიის ელჩის საჩუქარი 2026-02-26 წიგნი 10 ლ.